| 000 | 00542nam a2200241 a 4500 | ||
|---|---|---|---|
| 001 | nice12345678 | ||
| 003 | IN_TiNIC | ||
| 005 | 20260116011449.0 | ||
| 008 | 050524s1954 a grp 000 0 ara | ||
| 020 |
_a _c100 |
||
| 082 | 0 | 0 |
_a297.1227 _bTAI |
| 100 | _aTaimiyya, | ||
| 245 | _aMajmuat Tafseeribn Taimiyya | ||
| 260 |
_a _b _c1954 |
||
| 300 | _a501p | ||
| 500 | _aincludes index and biblioraphy | ||
| 505 | 2 | _aIndex | |
| 650 | _aQuran-Hermeneutics | ||
| 700 | 1 | _aTaimiyya, | |
| 902 | _bSRS | ||
| 942 | _cBK | ||
| 999 |
_c1767 _d1767 |
||